000
00221nam a2200097Ia 4500
008
240331s9999 xx 000 0 und d
082
_b
ARU
100
_a
Arunasalam, K
245
0
_a
Ilankayin Malaiyakath Thamilar
942
_c
L
999
_c
1983
_d
1983